Central Library OPAC University of Rajshahi

The science of heredity / (Record no. 31790)

MARC details
000 -LEADER
fixed length control field 00712cam a22002651 4500
001 - CONTROL NUMBER
control field 31790
003 - CONTROL NUMBER IDENTIFIER
rucl marc code BD-RjUL
005 - DATE AND TIME OF LATEST TRANSACTION
control field 20211209051740.0
008 - FIXED-LENGTH DATA ELEMENTS--GENERAL INFORMATION
fixed length control field 140422s1951 e 001 0 eng d
035 ## - SYSTEM CONTROL NUMBER
System control number (BD-RjUL)31878
System control number (OCoLC)529367
040 ## - CATALOGING SOURCE
Original cataloging agency DLC
Transcribing agency OAU
Modifying agency Uk
-- BD-RjUL
Language of cataloging eng
041 ## - LANGUAGE CODE
Language code of text/sound track or separate title eng
082 ## - DEWEY DECIMAL CLASSIFICATION NUMBER
Classification number 575.1
Author mark and year BAS 1951
100 1# - MAIN ENTRY--PERSONAL NAME
Personal name Bacon, John Stanley Durrant.
9 (RLIN) 96776
245 14 - TITLE STATEMENT
Title The science of heredity /
260 ## - PUBLICATION, DISTRIBUTION, ETC. (IMPRINT)
Place of publication, distribution, etc. London :
Name of publisher, distributor, etc. Watts and Co.,
Date of publication, distribution, etc. 1951.
300 ## - PHYSICAL DESCRIPTION
Pagination viii, 192 p. :
Illustrations ill. ;
Size 17 cm.
490 0# - SERIES STATEMENT
Series statement The Thinkers library,
Volume/sequential designation no. 139
504 ## - BIBLIOGRAPHY, ETC. NOTE
Bibliography, etc Includes index.
650 #0 - SUBJECT ADDED ENTRY--TOPICAL TERM
Topical term or geographic name as entry element Genetics.
9 (RLIN) 96777
942 ## - ADDED ENTRY ELEMENTS (KOHA)
Source of classification or shelving scheme Dewey Decimal Classification
Koha item type Books
Holdings
Lost status Source of classification or shelving scheme Damaged status Not for loan Collection code Permanent Location Current Location Shelving location Date acquired Source of acquisition Cost, normal purchase price Total Checkouts Full call number Date last seen Copy number Koha item type
  Dewey Decimal Classification   Not For Loan Non-fiction Central Library, University of Rajshahi Central Library, University of Rajshahi Reading Room 17/02/1955 Warsi book cor. Dhaka 2.00   575.1 BAS 1951 22/04/2014 C-1 Books